000 00211nam a22000857a 4500
999 _c11711
_d11711
008 200110b ||||| |||| 00| 0 eng d
100 _aShowers Paul
_97389
245 _aEars are for Hearing
260 _aNew York
_c1990